America's Slimmest States Quiz Stats

Quiz not verified by Sporcle

Challenge
Share
Tweet
Embed
Score 0/10 Timer 01:30
1 Play Today
Rank State % Correct
5Vermont
87.8%
10California
86.7%
4Massachusetts
84.7%
3Connecticut
82.7%
2Hawaii
79.6%
9New Jersey
75.5%
6Rhode Island
70.4%
1Colorado
68.4%
8Utah
59.2%
7Montana
45.9%

You're not logged in!

Compare scores with friends on all Sporcle quizzes.
Sign Up with Email
OR
Log In

You Might Also Like...

Show Comments

Extras

Top Quizzes Today


Score Distribution

Your Account Isn't Verified!

In order to create a playlist on Sporcle, you need to verify the email address you used during registration. Go to your Sporcle Settings to finish the process.